[Event "GER-ch U25-B"]
[Site "Willingen"]
[Date "2023.05.31"]
[Round "5"]
[White "Ginschel, Leonhard"]
[Black "Junge, Julia Marie"]
[Result "1-0"]
[WhiteElo "1376"]
[BlackElo "1367"]
[PlyCount "47"]
[EventDate "2023.05.27"]
[EventType "swiss"]
[EventRounds "9"]
[EventCountry "GER"]
[SourceTitle "CBM 214 Extra"]
[Source "ChessBase"]
[SourceDate "2023.07.31"]
[SourceVersion "1"]
[SourceVersionDate "2023.07.31"]
[SourceQuality "1"]

1. e4 e5 2. Nf3 Nc6 3. Bc4 Bc5 4. c3 Nf6 5. d3 d5 6. exd5 Nxd5 7. Qb3 Nb6 8. Bxf7+ Kf8 9. Bc4 Na5 10. Qb5 Naxc4 11. Qxc5+ Qd6 12. Qxd6+ Nxd6 13. Nxe5 Bf5 14. d4 Re8 15. 0-0 Nbc4 16. Nxc4 Nxc4 17. b3 Nd6 18. Be3 Nb5 19. c4 Nd6 20. Nc3 c6 21. Rfe1 b5 22. cxb5 cxb5 23. Bf4 Rxe1+ 24. Rxe1 1-0

[Event "GER-chT U16"]
[Site "Kiel"]
[Date "2022.07.23"]
[Round "2.6"]
[White "Ginschel, Leonhard"]
[Black "Stark, Amalia"]
[Result "1/2-1/2"]
[WhiteElo "1273"]
[BlackElo "1365"]
[PlyCount "64"]
[EventDate "2022.07.22"]
[EventType "team-swiss"]
[EventRounds "7"]
[EventCountry "GER"]
[SourceTitle "CBM 209 Extra"]
[Source "ChessBase"]
[SourceDate "2022.09.30"]
[SourceVersion "1"]
[SourceVersionDate "2022.09.30"]
[SourceQuality "1"]
[WhiteTeam "Tegernsee"]
[BlackTeam "Ansbach"]
[WhiteTeamCountry "GER"]
[BlackTeamCountry "GER"]

1. e4 e5 2. Nf3 Nf6 3. Nxe5 Nc6 4. Nxc6 dxc6 5. d3 Bc5 6. Be2 h5 7. h3 Bd7 8. Nc3 Nh7 9. Bf3 Qf6 10. Qe2 0-0-0 11. Be3 Bb4 12. Bd2 Ng5 13. 0-0-0 Nxf3 14. Qxf3 Qxf3 15. gxf3 Rhe8 16. a3 Ba5 17. Rdg1 Rg8 18. Nd1 Bxd2+ 19. Kxd2 g5 20. h4 g4 21. fxg4 Bxg4 22. Rg3 Be6 23. Rhg1 Rxg3 24. Rxg3 c5 25. c3 f5 26. Rg6 Bc4 27. exf5 Bxd3 28. Rg5 Bxf5+ 29. Ke1 Bg4 30. Ne3 Re8 31. Kd2 Rd8+ 32. Kc2 Rf8 1/2-1/2

[Event "GER-ch Youth-C"]
[Site "Willingen"]
[Date "2022.06.08"]
[Round "6"]
[White "Ginschel, Leonhard"]
[Black "Moissl, Julian"]
[Result "1-0"]
[WhiteElo "1236"]
[BlackElo "1146"]
[PlyCount "25"]
[EventDate "2022.06.04"]
[EventType "swiss"]
[EventRounds "9"]
[EventCountry "GER"]
[SourceTitle "CBM 208 Extra"]
[Source "ChessBase"]
[SourceDate "2022.07.31"]
[SourceVersion "1"]
[SourceVersionDate "2022.07.31"]
[SourceQuality "1"]

1. e4 e5 2. Nf3 Nc6 3. Bc4 Bc5 4. c3 Nf6 5. d4 Bb6 6. dxe5 Nxe4 7. Qd5 0-0 8. Qxe4 Re8 9. 0-0 h6 10. Bd3 d6 11. Qh7+ Kf8 12. Qh8+ Ke7 13. Qxg7 1-0

[Event "GER-ch Youth-C"]
[Site "Willingen"]
[Date "2022.06.05"]
[Round "1"]
[White "Ginschel, Leonhard"]
[Black "Direk, Oguzhan"]
[Result "1-0"]
[WhiteElo "1236"]
[BlackElo "1020"]
[PlyCount "81"]
[EventDate "2022.06.04"]
[EventType "swiss"]
[EventRounds "9"]
[EventCountry "GER"]
[SourceTitle "CBM 208 Extra"]
[Source "ChessBase"]
[SourceDate "2022.07.31"]
[SourceVersion "1"]
[SourceVersionDate "2022.07.31"]
[SourceQuality "1"]

1. e4 c5 2. Nf3 Nc6 3. d4 e6 4. Nc3 a6 5. Be3 Qc7 6. Bc4 cxd4 7. Nxd4 Nxd4 8. Qxd4 b5 9. Bb3 Bb7 10. Rd1 Rd8 11. a4 Ne7 12. axb5 axb5 13. Nxb5 Qa5+ 14. Nc3 d5 15. Qa4+ Qxa4 16. Bxa4+ Bc6 17. Bxc6+ Nxc6 18. exd5 Nb4 19. Rd2 exd5 20. 0-0 Be7 21. Rfd1 Bf6 22. Nxd5 Nxd5 23. Rxd5 Rxd5 24. Rxd5 Bxb2 25. Rb5 Bf6 26. Rb8+ Bd8 27. Bb6 Kd7 28. Rxd8+ Rxd8 29. Bxd8 Kxd8 30. Kf1 Kd7 31. Ke2 Kd6 32. Kd3 f5 33. Kd4 g6 34. f4 h6 35. g3 g5 36. fxg5 hxg5 37. h3 Ke6 38. c4 Kd6 39. c5+ Kc6 40. Ke5 Kxc5 41. Kxf5 1-0